|
|
|
|
| LEADER |
03506nam a2200553 4500 |
| 001 |
978-3-319-38864-9 |
| 003 |
DE-He213 |
| 005 |
20191021221457.0 |
| 007 |
cr nn 008mamaa |
| 008 |
190515s2019 gw | s |||| 0|eng d |
| 020 |
|
|
|a 9783319388649
|9 978-3-319-38864-9
|
| 024 |
7 |
|
|a 10.1007/978-3-319-38864-9
|2 doi
|
| 040 |
|
|
|d GrThAP
|
| 050 |
|
4 |
|a D1-DX301
|
| 072 |
|
7 |
|a HB
|2 bicssc
|
| 072 |
|
7 |
|a HIS000000
|2 bisacsh
|
| 072 |
|
7 |
|a NH
|2 thema
|
| 072 |
|
7 |
|a NHAH
|2 thema
|
| 082 |
0 |
4 |
|a 900
|2 23
|
| 100 |
1 |
|
|a Kiss, Andrea.
|e author.
|4 aut
|4 http://id.loc.gov/vocabulary/relators/aut
|
| 245 |
1 |
0 |
|a Floods and Long-Term Water-Level Changes in Medieval Hungary
|h [electronic resource] /
|c by Andrea Kiss.
|
| 250 |
|
|
|a 1st ed. 2019.
|
| 264 |
|
1 |
|a Cham :
|b Springer International Publishing :
|b Imprint: Springer,
|c 2019.
|
| 300 |
|
|
|a XIX, 895 p.
|b online resource.
|
| 336 |
|
|
|a text
|b txt
|2 rdacontent
|
| 337 |
|
|
|a computer
|b c
|2 rdamedia
|
| 338 |
|
|
|a online resource
|b cr
|2 rdacarrier
|
| 347 |
|
|
|a text file
|b PDF
|2 rda
|
| 490 |
1 |
|
|a Springer Water,
|x 2364-6934
|
| 505 |
0 |
|
|a Introduction: floods and water-level fluctuations in medieval (Central-)Europe -- An environmental background: floods, modern hydrology and medieval environment -- Long-term hydrological changes based on sedimentary and archaeological evidence -- Documentary sources and methodology -- Catalogue of floods in medieval Hungary 1001-1500: analysis of individual flood reports -- Floods in medieval Hungary: general analysis, comparisons and conclusions.
|
| 520 |
|
|
|a The book provides an overview of the floods and major hydrological changes that occurred in the medieval Hungarian kingdom (covering the majority of the Carpathian Basin) between 1000 and 1500 AD. The analysis was based on contemporary documentary evidence presented for the first time and the results of archaeological and scientific investigations. Beyond the evidence on individual flood events, the book includes a comprehensive overview of short-, medium-, and long-term changes detected in a hydrologically sensitive environment during the transition period between the Medieval Warm Period and the Little Ice Age. It also discusses the possible causes (including climate and human intervention) and the consequences for the physical and human environment, namely the related hydro-morphological changes, short- and long-term social response, and human perception issues.
|
| 650 |
|
0 |
|a History.
|
| 650 |
|
0 |
|a Hydrology.
|
| 650 |
|
0 |
|a Natural disasters.
|
| 650 |
|
0 |
|a Climate change.
|
| 650 |
|
0 |
|a Physical geography.
|
| 650 |
1 |
4 |
|a History, general.
|0 http://scigraph.springernature.com/things/product-market-codes/700000
|
| 650 |
2 |
4 |
|a Hydrology/Water Resources.
|0 http://scigraph.springernature.com/things/product-market-codes/211000
|
| 650 |
2 |
4 |
|a Natural Hazards.
|0 http://scigraph.springernature.com/things/product-market-codes/G32000
|
| 650 |
2 |
4 |
|a Climate Change/Climate Change Impacts.
|0 http://scigraph.springernature.com/things/product-market-codes/313000
|
| 650 |
2 |
4 |
|a Physical Geography.
|0 http://scigraph.springernature.com/things/product-market-codes/J16000
|
| 710 |
2 |
|
|a SpringerLink (Online service)
|
| 773 |
0 |
|
|t Springer eBooks
|
| 776 |
0 |
8 |
|i Printed edition:
|z 9783319388625
|
| 776 |
0 |
8 |
|i Printed edition:
|z 9783319388632
|
| 830 |
|
0 |
|a Springer Water,
|x 2364-6934
|
| 856 |
4 |
0 |
|u https://doi.org/10.1007/978-3-319-38864-9
|z Full Text via HEAL-Link
|
| 912 |
|
|
|a ZDB-2-EES
|
| 950 |
|
|
|a Earth and Environmental Science (Springer-11646)
|